[Event "ESP-ch FEDC 29th"]
[Site "San Fernando"]
[Date "2020.11.17"]
[Round "1"]
[White "Martinez Torres, Jose Manuel"]
[Black "Mendez Manturano, Miguel Eduardo"]
[Result "0-1"]
[WhiteElo "1495"]
[BlackElo "1790"]
[PlyCount "62"]
[EventDate "2020.11.17"]
[EventType "swiss"]
[EventRounds "7"]
[EventCountry "ESP"]
[SourceTitle "EXT 2024"]
[Source "ChessBase"]
[SourceDate "2023.10.10"]
[SourceVersion "1"]
[SourceVersionDate "2023.10.10"]
[SourceQuality "1"]

1. e4 c5 2. Nf3 e6 3. c3 d5 4. e5 Nc6 5. d4 Qb6 6. dxc5 Bxc5 7. Qc2 a5 8. Bd3 h6 9. 0-0 Nge7 10. Nbd2 Nf5 11. Nb3 Be7 12. g4 Nh4 13. Nbd4 Nxf3+ 14. Nxf3 Bd7 15. Bd2 Rc8 16. Qb1 d4 17. a3 a4 18. Qc2 Qc5 19. cxd4 Nxd4 20. Qxc5 Nxf3+ 21. Kg2 Nh4+ 22. Kg3 Rxc5 23. Bb4 Rd5 24. Bxe7 Rxd3+ 25. Kxh4 Kxe7 26. f4 Bc6 27. Rf2 Rhd8 28. Raf1 Rb3 29. g5 h5 30. Kxh5 Rh8+ 31. Kg4 Rbh3 0-1

[Event "Benidorm FEDC op 22th"]
[Site "Benidorm"]
[Date "2019.06.10"]
[Round "2"]
[White "Balmiza Jimenez, Francisco"]
[Black "Martinez Torres, Jose Manuel"]
[Result "1-0"]
[WhiteElo "1640"]
[BlackElo "1466"]
[PlyCount "85"]
[EventDate "2019.06.09"]
[EventType "swiss"]
[EventRounds "7"]
[EventCountry "ESP"]
[SourceTitle "EXT 2024"]
[Source "ChessBase"]
[SourceDate "2023.10.10"]
[SourceVersion "1"]
[SourceVersionDate "2023.10.10"]
[SourceQuality "1"]

1. Nf3 Nf6 2. d4 d6 3. Bf4 g6 4. h3 Bg7 5. e3 0-0 6. Be2 Nh5 7. Bh2 Nc6 8. c3 e5 9. 0-0 e4 10. Nfd2 Nf6 11. f3 d5 12. c4 Ne7 13. Nc3 c6 14. fxe4 dxe4 15. Ndxe4 Nxe4 16. Nxe4 Nf5 17. Bf4 h6 18. Qd2 g5 19. Bh2 Kh8 20. Bg4 Nxe3 21. Bxc8 Rxc8 22. Rf3 Nxc4 23. Qb4 Qxd4+ 24. Nf2 b5 25. Rd1 Qb6 26. Rd7 a5 27. Qe1 Kg8 28. b3 Nb2 29. Bd6 Qd4 30. Bxf8 Qxd7 31. Bxg7 Kxg7 32. Qc3+ Kg8 33. Qxb2 Re8 34. Ng4 Re1+ 35. Rf1 Rxf1+ 36. Kxf1 Qd1+ 37. Kf2 Qd6 38. Qe5 Qd2+ 39. Kg1 Qxa2 40. Nxh6+ Kf8 41. Qf6 Qxb3 42. Nf5 a4 43. Qd8# 1-0

[Event "ESP-ch FEDC 27th"]
[Site "Almunecar"]
[Date "2018.11.28"]
[Round "3"]
[White "Garcia Cervigon, Juan Pablo"]
[Black "Martinez Torres, Jose Manuel"]
[Result "1-0"]
[WhiteElo "1694"]
[BlackElo "1433"]
[PlyCount "55"]
[EventDate "2018.11.26"]
[EventType "swiss"]
[EventRounds "8"]
[EventCountry "ESP"]
[SourceTitle "EXT 2024"]
[Source "ChessBase"]
[SourceDate "2023.10.10"]
[SourceVersion "1"]
[SourceVersionDate "2023.10.10"]
[SourceQuality "1"]

1. d4 Nf6 2. c4 c5 3. d5 b5 4. cxb5 a6 5. bxa6 Bxa6 6. Nc3 d6 7. g3 g6 8. Bg2 Bg7 9. Nh3 0-0 10. 0-0 Nbd7 11. Re1 Nb6 12. e4 Nh5 13. Nf4 Nxf4 14. Bxf4 Nc4 15. Bc1 Ra7 16. Bf1 f5 17. exf5 Rxf5 18. Bh3 Rf8 19. Be6+ Kh8 20. Ne4 Bb5 21. Ng5 Be8 22. Qg4 h6 23. Qxc4 hxg5 24. Bxg5 Ra4 25. Qxa4 Bxa4 26. Re4 Bd4 27. Rh4+ Kg7 28. Bh6+ 1-0